Ekonómia a podnikanie vedecký časopis Fakulty ekonómie a podnikania PEVŠ

Salvato in:
Dettagli Bibliografici
Natura: Periodico
Lingua:slovacco
Pubblicazione: Bratislava Fakulta ekonómie a podnikania
Soggetti:
Tags: Aggiungi Tag
Nessun Tag, puoi essere il primo ad aggiungerne!!

MARC

LEADER 00000nas1a2200000$$$4500
001 0070442
005 20240522073621.6
022 |a 1337-4990 
041 0 |a slo 
044 |a SK 
245 1 0 |a Ekonómia a podnikanie  |b vedecký časopis Fakulty ekonómie a podnikania PEVŠ 
264 1 |a Bratislava  |b Fakulta ekonómie a podnikania 
500 |a Od roku 2014 časopis prestal vychádzať 
610 2 0 |a veda ekonomická 
610 2 0 |a právo 
610 2 0 |a podnikanie 
610 2 0 |a manažment 
610 2 0 |a marketing